| 000 | 00978cam a2200289 a 4500 | ||
|---|---|---|---|
| 999 |
_c6911 _d6911 |
||
| 001 | 20598 | ||
| 003 | BD-DhUAP | ||
| 005 | 20210110122249.0 | ||
| 008 | 210110s2014 ii a b 001 0 eng | ||
| 020 | _a9788120348134 | ||
| 040 |
_aDLC _cDLC _dBD-DhUAP _beng |
||
| 082 | 0 | 0 |
_a519.50285554 LEV _223 |
| 100 | 1 | _aLevine, David M. | |
| 245 | 1 | 0 |
_aStatistics for managers using Microsoft Excel / _cDavid M. Levine, David F. Stephan and Kathryn A. Szabat. |
| 250 | _a7th ed. | ||
| 260 |
_aNew Delhi : _bPHI Learning, _cc2014. |
||
| 300 |
_axxx, 757 pages : _billustrations ; _c29 cm. |
||
| 504 | _aIncludes bibliographical references and index. | ||
| 650 | 0 |
_aManagement _xStatistical methods. |
|
| 650 | 0 | _aCommercial statistics. | |
| 650 | 0 | _aElectronic spreadsheets. | |
| 650 | 0 |
_aManagement _xStatistical methods _xComputer programs. |
|
| 650 | 0 |
_aCommercial statistics _xComputer programs. |
|
| 700 | 1 | _aStephan, David. | |
| 700 | 1 | _aSzabat, Kathryn A. | |
| 942 |
_2ddc _cBK |
||